Miembros de la familia real española - Estadísticas

Estadísticas generales
  • Esta prueba ha sido intentada 176 veces
  • La puntuación promedio es 13 de 16
Estadísticas de respuestas
Hint Respuesta % Correcto
Hijos Juan Valentín
100%
El rey 👑 Felipe VI
99%
Padre del rey 👑 Juan Carlos I
99%
Hijas Leonor (Princesa de Asturias)
99%
La reina Letizia Ortiz
99%
Hijas Sofía
99%
Madre del rey Sofía de Grecia
99%
Hijos Victoria Federica
84%
Exmarido Iñaki Urdangarín
82%
Hermana del rey Elena de Borbón
80%
Hermana del rey Cristina de Borbón
78%
Hijos Felipe Juan Froilán
78%
Exmarido Jaime de Marichalar
62%
Hijos Pablo Nicolás
56%
Hijos Irene
44%
Hijos Miguel
32%
No se encontraron pruebas coincidentes
Distribución de puntuación
Porcentaje de gente con cada puntuación
Porcentaje por número respondido
Historial de tus puntuaciones
No has intentado esta prueba.